000 00340nam a22001337a 4500
003 OSt
005 20160727222403.0
008 160623b xxu||||| |||| 00| 0 eng d
100 _9749
_aTolliver, R, C,
245 _aMore than one Decision
260 _aTen
_bMore than one Decision
_c1981
300 _aMore than one Decision
942 _2ddc
_cBK
999 _c607
_d607